Statistics for Shakespearean Decoder

Click here to take the quiz!

General Stats

  • This quiz has been taken 749 times
    (745 since last reset)
  • The average score is 15 of 29

Answer Stats

HintAnswer% Correct
CRuler of Egypt and lover of AntonyCleopatra
95%
M"The Scottish Play"MacBeth
94%
EQueen of EnglandElizabeth
91%
LHome of The Globe theatreLondon
91%
VHome of the Montagues and CapuletsVerona
81%
SPoem consisting of three quatrains and a coupletSonnet
78%
ODesdemona's husbandOthello
77%
LKing that exiled his daughter, CordeliaLear
76%
OHamlet's love interestOphelia
74%
IPentameter rhyme schemeIambic
67%
INemesis of "The Moor"Iago
65%
OKing of the fairiesOberon
63%
ANickname, Bard of this placeAvon
61%
ECommon noble titleEarl
57%
HWife Anne's surnameHathaway
56%
EConclusion of a work, often told by the ChorusEpilogue
51%
YThird largest city in England during the 1600sYork
49%
FComic knight, appears in three playsFalstaff
45%
OThis group provides musical accompanimentOrchestra
43%
FCollected works, The First _____Folio
42%
FProfession of Laurence in "Romeo & Juliet"Friar
41%
BYounger sister of Katherine "the Shrew"Bianca
30%
If music be the food of love, play on
27%
UGreek leader in "Troilus & Cressida"Ulysses
25%
TPericles was prince of this placeTyre
22%
OMale lead in "As You Like It"Orlando
17%
PStratford house, New _____Place
11%
NKing Ferdinand's land in "Love's Labours Lost"Navarre
10%
DEngraver of Shakespeare's portraitDroeshout
5%

Score Distribution

Percentile by Number Answered

Percent of People with Each Score

Your Score History

You have not taken this quiz since the last reset